[Event "Sparkassen-Open A"]
[Site "Heusenstamm, Martinsee"]
[Date "2019.11.21"]
[Round "1.25"]
[White "Kersten, Uwe"]
[Black "Modric, Vladimir"]
[Result "1-0"]
[WhiteElo "2264"]
[BlackElo "1930"]
[PlyCount "65"]
[EventDate "2019.??.??"]
[WhiteTeam "Sfr. Bad Emstal/Wolfhagen"]
[BlackTeam "SC Nied"]

1. d4 d6 2. e4 Nf6 3. Nc3 Nbd7 4. Nge2 e5 5. g3 Be7 6. Bg2 O-O 7. O-O c6 8. a4
Qc7 9. h3 Rb8 10. Be3 b6 11. g4 Ba6 12. Re1 Bxe2 13. Qxe2 g6 14. Red1 Rfe8 15.
Bf3 exd4 16. Rxd4 Ne5 17. Bg2 d5 18. exd5 Bc5 19. dxc6 Nxc6 20. Rf4 Rxe3 21.
fxe3 Qxf4 22. Bxc6 Qg3+ 23. Qg2 Qxe3+ 24. Kh1 Rd8 25. Rf1 Rd2 26. Qf3 Qe5 27.
Qf4 Qxf4 28. Rxf4 Kg7 29. Rxf6 Rxc2 30. Rf1 Rxb2 31. Ne4 Bd4 32. Ng5 Bf2 33.
Nxf7 1-0

[Event "Sparkassen-Open A"]
[Site "Heusenstamm, Martinsee"]
[Date "2019.11.21"]
[Round "1.26"]
[White "Hegel, Christoph"]
[Black "Grabowski, Pawel"]
[Result "0-1"]
[WhiteElo "1928"]
[BlackElo "2271"]
[PlyCount "108"]
[EventDate "2019.??.??"]
[WhiteTeam "Vorw.Orient Mainz"]
[BlackTeam "Godesberger SK"]

1. d4 Nf6 2. Nf3 g6 3. Nc3 Bg7 4. e4 d6 5. Be3 c6 6. Qd2 Ng4 7. Bg5 Qc7 8. h3
Nf6 9. e5 dxe5 10. dxe5 Nfd7 11. e6 fxe6 12. Bh6 O-O 13. Bxg7 Kxg7 14. Bd3 Ne5
15. Ng5 h6 16. Nge4 Nbd7 17. h4 Nxd3+ 18. Qxd3 Qf4 19. Ne2 Qf5 20. O-O-O Nf6
21. f3 Nxe4 22. fxe4 Qc5 23. h5 Qg5+ 24. Kb1 e5 25. hxg6 Bg4 26. Rde1 Rad8 27.
Qb3 Bxe2 28. Rxe2 b5 29. a4 a6 30. g4 Rd6 31. Reh2 Rxg6 32. Rh5 Qf4 33. Qc3 Re6
34. g5 Qxe4 35. Rxh6 Rxh6 36. Rxh6 Rf1+ 37. Ka2 Qxa4+ 38. Qa3 Qc4+ 39. Qb3 Rf4
40. Re6 Kf7 41. Rxe5 e6 42. g6+ Ke7 43. Rg5 Qxb3+ 44. Kxb3 Rf8 45. Kb4 Kf6 46.
Rg2 Rg8 47. Kc5 Rxg6 48. Re2 Rg5+ 49. Kxc6 b4 50. Kd6 Rd5+ 51. Kc6 Rb5 52. Kd6
e5 53. Rf2+ Kg5 54. b3 e4 0-1

[Event "Sparkassen-Open A"]
[Site "Heusenstamm, Martinsee"]
[Date "2019.11.21"]
[Round "1.27"]
[White "Euler, Gerd"]
[Black "Browning, Rebecca"]
[Result "1-0"]
[WhiteElo "2270"]
[BlackElo "1895"]
[PlyCount "59"]
[EventDate "2019.??.??"]
[WhiteTeam "SSG Hungen-Lich"]
[BlackTeam "MS Halver-Schalksmühle"]

1. d4 d5 2. c4 c6 3. Nf3 Nf6 4. Nc3 dxc4 5. a4 Bf5 6. e3 e6 7. Bxc4 Bb4 8. O-O
O-O 9. Qe2 Nbd7 10. Rd1 Bxc3 11. bxc3 Ne4 12. Bb2 Nb6 13. Bd3 Nd5 14. Qc2 Ndf6
15. g4 Bg6 16. g5 Bh5 17. Bxe4 Nxe4 18. Qxe4 f5 19. Qf4 Qd5 20. Kg2 h6 21. h4
Rae8 22. Kg3 e5 23. dxe5 Qb3 24. Rd2 Bxf3 25. Kxf3 Rd8 26. Rad1 Qxd1+ 27. Rxd1
Rxd1 28. gxh6 Rd2 29. Ba3 Rfd8 30. Qg5 1-0

[Event "Sparkassen-Open A"]
[Site "Heusenstamm, Martinsee"]
[Date "2019.11.21"]
[Round "1.28"]
[White "Loriguillo, Gregorio"]
[Black "Köllner, Ruben Gideon"]
[Result "0-1"]
[WhiteElo "1870"]
[BlackElo "2268"]
[PlyCount "70"]
[EventDate "2019.??.??"]
[WhiteTeam "SF Vonkeln"]
[BlackTeam "SF Deizisau"]

1. e4 d6 2. d4 Nf6 3. Nc3 e5 4. Nf3 Nbd7 5. Bc4 Be7 6. Bxf7+ Kxf7 7. Ng5+ Kg8
8. Ne6 Qe8 9. Nxc7 Qg6 10. O-O Rb8 11. dxe5 Nxe5 12. f4 Bg4 13. N7d5 Nxd5 14.
Qxd5+ Be6 15. Qd1 Bh3 16. Qd5+ Nf7 17. Rf2 Bd7 18. Be3 Qe6 19. Bxa7 Qxd5 20.
Nxd5 Re8 21. Rd1 Bd8 22. Rd4 Bc6 23. Re2 h5 24. Kf2 Rh6 25. Kf3 Rhe6 26. c4 Rf8
27. Ke3 Nh6 28. Kd2 Rfe8 29. Nc3 Ba5 30. Kc2 Ra8 31. b4 Bxb4 32. Bb6 Ra3 33.
Nd5 Rxa2+ 34. Kd3 Rxe2 35. Kxe2 Bc5 0-1

[Event "Sparkassen-Open A"]
[Site "Heusenstamm, Martinsee"]
[Date "2019.11.21"]
[Round "1.29"]
[White "Alber, Horst"]
[Black "Engel, Jan"]
[Result "1-0"]
[WhiteElo "2267"]
[BlackElo "1919"]
[PlyCount "37"]
[EventDate "2019.??.??"]
[WhiteTeam "SK Marburg"]
[BlackTeam "Frankfurter TV"]

1. d4 Nf6 2. c4 e6 3. Nc3 d5 4. Bg5 Be7 5. e3 Nbd7 6. Qc2 O-O 7. cxd5 exd5 8.
Bd3 c6 9. Nge2 Re8 10. O-O-O Ne4 11. Bf4 Nxf2 12. Nxd5 Nxd1 13. Rxd1 Rf8 14.
Nc7 Rb8 15. d5 Bg5 16. Bxh7+ Kh8 17. Ne6 fxe6 18. dxe6 Bxf4 19. Nxf4 1-0

[Event "Sparkassen-Open A"]
[Site "Heusenstamm, Martinsee"]
[Date "2019.11.21"]
[Round "1.30"]
[White "Ahmad, Momin"]
[Black "Zhou, Syang"]
[Result "1/2-1/2"]
[WhiteElo "1918"]
[BlackElo "2256"]
[PlyCount "95"]
[EventDate "2019.??.??"]
[WhiteTeam "SK Ottenau"]
[BlackTeam "SF Deizisau"]

1. e4 c5 2. Nf3 d6 3. d4 Nf6 4. Nc3 cxd4 5. Nxd4 g6 6. f3 Bg7 7. Be3 Nc6 8. Qd2
O-O 9. O-O-O d5 10. exd5 Nxd5 11. Nxc6 bxc6 12. Bh6 Bxh6 13. Qxh6 Qb6 14. Nxd5
cxd5 15. Rxd5 Be6 16. Rb5 Qc6 17. Bd3 f5 18. Re1 Rad8 19. Qe3 Rd6 20. Kb1 Rxd3
21. cxd3 Bxa2+ 22. Kxa2 Qxb5 23. Qxa7 Qd5+ 24. Kb1 Qxd3+ 25. Ka1 e6 26. Qa3 Qd5
27. Qc3 Rd8 28. Kb1 Kf7 29. f4 Rd7 30. Qh3 h5 31. Qe3 Rd6 32. g3 Ra6 33. Qc3
Rc6 34. Qe3 Ra6 35. Qc3 Rc6 36. Qe3 Qa5 37. Rd1 Ra6 38. Qd4 Qa2+ 39. Kc2 Rc6+
40. Kd2 Rc7 41. Ke3 Qb3+ 42. Rd3 Qb7 43. Rd2 Qh1 44. Qh8 Qe1+ 45. Re2 Qg1+ 46.
Kf3 Qh1+ 47. Ke3 Qg1+ 48. Kf3 1/2-1/2

[Event "Sparkassen-Open A"]
[Site "Heusenstamm, Martinsee"]
[Date "2019.11.21"]
[Round "1.31"]
[White "Browning, Alex"]
[Black "Winter, Lars"]
[Result "1/2-1/2"]
[WhiteElo "2264"]
[BlackElo "1917"]
[PlyCount "117"]
[EventDate "2019.??.??"]
[WhiteTeam "SVG Plettenberg"]
[BlackTeam "SV Fechenheim"]

1. e4 e6 2. d4 d5 3. Nc3 Bb4 4. Qd3 dxe4 5. Qxe4 Nf6 6. Qh4 O-O 7. Bd3 Nbd7 8.
Nf3 c5 9. O-O cxd4 10. Qxd4 Be7 11. Ne4 Qc7 12. Bg5 Rd8 13. Nxf6+ Bxf6 14. Qe4
g6 15. Qh4 Bxg5 16. Nxg5 Nf8 17. Rad1 Bd7 18. Ne4 Bc6 19. Nf6+ Kg7 20. Ng4 Qf4
21. Qg3 Qxg3 22. hxg3 Nd7 23. Be2 h5 24. Ne3 Nb6 25. b3 Nd5 26. Nxd5 Bxd5 27.
Rd4 Kf8 28. Rfd1 Ke7 29. f4 Bc6 30. Kf2 Rxd4 31. Rxd4 Rd8 32. Rxd8 Kxd8 33. Bf3
Kc7 34. Ke3 Bxf3 35. Kxf3 Kd6 36. Ke4 f6 37. Kd4 Kc6 38. a3 Kd6 39. b4 Kc6 40.
c4 Kd6 41. c5+ Kc6 42. a4 b5 43. a5 a6 44. Ke4 Kc7 45. Kf3 Kc6 46. g4 hxg4+ 47.
Kxg4 Kd5 48. Kf3 e5 49. Ke3 e4 50. c6 Kxc6 51. Kxe4 Kd6 52. Kd4 Kc6 53. g3 Kd6
54. g4 Kc6 55. Ke3 Kd6 56. Kd3 g5 57. f5 Ke5 58. Ke3 Kd5 59. Kd3 1/2-1/2

[Event "Sparkassen-Open A"]
[Site "Heusenstamm, Martinsee"]
[Date "2019.11.21"]
[Round "1.32"]
[White "Stork, Christopher"]
[Black "Vakulenko, Oleksandr"]
[Result "0-1"]
[WhiteElo "1912"]
[BlackElo "2250"]
[PlyCount "90"]
[EventDate "2019.??.??"]
[WhiteTeam "SV Oberursel"]
[BlackTeam "Gambit Kiew"]

1. e4 e5 2. Nf3 Nc6 3. Bc4 Nf6 4. d3 h6 5. c3 d6 6. O-O g5 7. Nbd2 Bg7 8. Bb3
O-O 9. Bc2 d5 10. exd5 Nxd5 11. Nc4 Bg4 12. Ne3 Be6 13. Re1 g4 14. Nd2 f5 15.
Ndc4 Nxe3 16. Bxe3 Rf7 17. f4 gxf3 18. Qxf3 Bd5 19. Qf1 f4 20. Bf2 Kh8 21. Nd2
Ne7 22. Ne4 Nf5 23. c4 Bc6 24. b4 a6 25. a4 Nd4 26. Bxd4 Qxd4+ 27. Qf2 f3 28.
g3 Qd8 29. b5 axb5 30. axb5 Rxa1 31. Rxa1 Bxe4 32. dxe4 Bf8 33. Rd1 Qg5 34. c5
b6 35. h4 Qg4 36. Kh2 Bxc5 37. Qf1 f2 38. Rd3 Kg7 39. Rb3 Qd7 40. Bd3 Qd4 41.
Kg2 Qe3 42. Bc2 Qd2 43. Bd3 Rd7 44. Qe2 f1=Q+ 45. Kxf1 Rf7+ 0-1

[Event "Sparkassen-Open A"]
[Site "Heusenstamm, Martinsee"]
[Date "2019.11.21"]
[Round "1.33"]
[White "Baltic, Fatih"]
[Black "Kolker, Vladislav"]
[Result "1-0"]
[WhiteElo "2238"]
[BlackElo "1911"]
[PlyCount "61"]
[EventDate "2019.??.??"]
[WhiteTeam "SV Mülheim-Nord"]
[BlackTeam "SC Bad Nauheim"]

1. e4 e5 2. Nf3 Nc6 3. Bc4 Nf6 4. d3 Be7 5. O-O O-O 6. Re1 d6 7. a4 h6 8. c3
Nh7 9. Nbd2 Kh8 10. d4 Bg4 11. h3 Bh5 12. g4 Bg6 13. d5 Nb8 14. Kg2 Kg8 15. Nf1
h5 16. Nxe5 dxe5 17. gxh5 Bxe4+ 18. Rxe4 Bd6 19. h6 g6 20. Rg4 Nd7 21. Ng3 Ndf6
22. Rh4 g5 23. Rg4 Nxg4 24. hxg4 Re8 25. Qf3 Bf8 26. Bd3 Bxh6 27. Bxh7+ Kxh7
28. Qxf7+ Kh8 29. Nf5 Bf8 30. Qh5+ Kg8 31. Qg6+ 1-0

[Event "Sparkassen-Open A"]
[Site "Heusenstamm, Martinsee"]
[Date "2019.11.21"]
[Round "1.34"]
[White "Thomas, Tobias"]
[Black "Pogan, Nikolas"]
[Result "0-1"]
[WhiteElo "1907"]
[BlackElo "2234"]
[PlyCount "68"]
[EventDate "2019.??.??"]
[WhiteTeam "SK Langen"]
[BlackTeam "Heilbronner SV"]

1. c4 Nf6 2. g3 g6 3. Bg2 Bg7 4. Nc3 O-O 5. Nf3 d6 6. O-O Nc6 7. Rb1 e5 8. d3
h6 9. b4 Be6 10. b5 Ne7 11. Ba3 Ne8 12. Nd2 Qc8 13. Nd5 Nxd5 14. cxd5 Bd7 15.
Qb3 b6 16. Rfc1 a6 17. Nc4 Qb7 18. bxa6 Qxa6 19. Bb2 Qxa2 20. Qc3 Qa6 21. Ra1
Qb7 22. Rxa8 Qxa8 23. Ra1 Qb7 24. Qb4 Qc8 25. Ra7 f5 26. Qa3 Qd8 27. Qa6 f4 28.
Qb7 fxg3 29. hxg3 h5 30. Nxb6 Bg4 31. f3 Qg5 32. fxg4 Qe3+ 33. Kh2 Qxe2 34. Qc8
Rf2 0-1

[Event "Sparkassen-Open A"]
[Site "Heusenstamm, Martinsee"]
[Date "2019.11.21"]
[Round "1.35"]
[White "Ramien, David"]
[Black "Mohr, Thomas"]
[Result "1-0"]
[WhiteElo "2228"]
[BlackElo "1904"]
[PlyCount "67"]
[EventDate "2019.??.??"]
[WhiteTeam "SG Porz"]
[BlackTeam "SC FK Babenhausen"]

1. e4 c5 2. Nf3 Nc6 3. d4 cxd4 4. Nxd4 e5 5. Nb5 a6 6. Nd6+ Bxd6 7. Qxd6 Qe7 8.
Qd1 Nf6 9. Nc3 d6 10. Bg5 Be6 11. Nd5 Bxd5 12. exd5 Nb8 13. c4 Nbd7 14. Bd3 h6
15. Be3 O-O 16. O-O b6 17. Rc1 Rfb8 18. Bb1 a5 19. b3 Nf8 20. Qe2 N6d7 21. Kh1
Re8 22. a3 f6 23. Qg4 Kh8 24. Rc3 Rab8 25. Bd2 Nh7 26. Rg3 Rg8 27. f4 Rbd8 28.
fxe5 Nxe5 29. Qf5 g6 30. Qf2 Rb8 31. Bxh6 f5 32. Be3 Qh4 33. Bxb6 Ng5 34. Rh3
1-0

[Event "Sparkassen-Open A"]
[Site "Heusenstamm, Martinsee"]
[Date "2019.11.21"]
[Round "1.36"]
[White "Hagner, Bennet"]
[Black "Hebbering, Tom Elliot"]
[Result "0-1"]
[WhiteElo "1890"]
[BlackElo "2226"]
[PlyCount "116"]
[EventDate "2019.??.??"]
[WhiteTeam "Frankfurter TV"]
[BlackTeam "SK Gernsheim"]

1. e4 c5 2. Nf3 e6 3. d4 cxd4 4. Nxd4 Nc6 5. Nc3 Qc7 6. Be3 a6 7. Be2 Nf6 8.
O-O Bb4 9. f3 d5 10. exd5 exd5 11. Na4 O-O 12. Nxc6 Qxc6 13. c3 Ba5 14. Qd4 Re8
15. Nc5 Bb6 16. b4 Nd7 17. Kh1 Nxc5 18. bxc5 Bxc5 19. Qxc5 Qxc5 20. Bxc5 Rxe2
21. Rfe1 Rxe1+ 22. Rxe1 Be6 23. Kg1 Rc8 24. Bd4 b5 25. Kf2 Rc4 26. Ke3 Ra4 27.
Re2 f6 28. g4 Kf7 29. Kd3 h5 30. gxh5 Bf5+ 31. Ke3 Bb1 32. Bc5 Rxa2 33. Rxa2
Bxa2 34. Kd4 a5 35. f4 Ke6 36. Bf8 Bc4 37. f5+ Kxf5 38. Bxg7 a4 39. Bf8 Kg5 40.
h6 Kg6 41. Ke3 Kh7 42. Kd4 Bb3 43. Kd3 Bc4+ 44. Kd4 b4 45. Bxb4 Kxh6 46. Ke3
Kg5 47. Be7 Kg4 48. h3+ Kxh3 49. Kf4 Kg2 50. Kf5 Kf2 51. Kxf6 Ke2 52. Ke5 Kd3
53. Bb4 Kc2 54. Kd4 Kb3 55. Ke3 a3 56. Kd2 a2 57. Bc5 a1=Q 58. Bg1 Qxc3+ 0-1

[Event "Sparkassen-Open A"]
[Site "Heusenstamm, Martinsee"]
[Date "2019.11.21"]
[Round "1.37"]
[White "Krämer, Enrico"]
[Black "Eurich, Jannik"]
[Result "1-0"]
[WhiteElo "2223"]
[BlackElo "1859"]
[PlyCount "87"]
[EventDate "2019.??.??"]
[WhiteTeam "SG Speyer-Schwegenheim"]
[BlackTeam "SK Langen"]

1. d4 d5 2. Nf3 Nf6 3. g3 e6 4. Bg2 Be7 5. O-O O-O 6. c4 dxc4 7. Qc2 c6 8. Qxc4
b5 9. Qc2 Bb7 10. Nc3 Nbd7 11. e4 b4 12. Na4 c5 13. e5 Nd5 14. dxc5 Rc8 15. h4
Nxc5 16. Nxc5 Rxc5 17. Qe4 Qc7 18. Qg4 Rc4 19. Qh5 Rc8 20. Nd2 Rc5 21. Qe2 Nb6
22. Bxb7 Qxb7 23. Re1 Rc2 24. Qd3 a5 25. Nb3 a4 26. Nd4 R2c4 27. Nf3 Rd8 28.
Qe2 b3 29. axb3 axb3 30. Be3 Rc2 31. Qb5 Qxf3 32. Qxb6 Rxb2 33. Ra7 Rd1 34.
Rxd1 Qxd1+ 35. Kh2 Ra2 36. Rxe7 h6 37. Qd4 Qb1 38. Qf4 Qg6 39. Re8+ Kh7 40. Rb8
b2 41. Qb4 Qb1 42. Bxh6 Qf5 43. Be3 g6 44. Qf8 1-0

[Event "Sparkassen-Open A"]
[Site "Heusenstamm, Martinsee"]
[Date "2019.11.21"]
[Round "1.38"]
[White "Reitz, Theresa"]
[Black "Hilzinger, Markus"]
[Result "1/2-1/2"]
[WhiteElo "1901"]
[BlackElo "2141"]
[PlyCount "54"]
[EventDate "2019.??.??"]
[WhiteTeam "VfR-SC Koblenz"]
[BlackTeam "SC Pforzheim"]

1. Nf3 Nf6 2. g3 g6 3. Bg2 Bg7 4. O-O O-O 5. d4 d6 6. c4 Nbd7 7. b3 c5 8. Bb2
Qb6 9. Nc3 cxd4 10. Na4 Qa5 11. Nxd4 Qh5 12. Nf3 Nc5 13. Nxc5 dxc5 14. Re1 Bf5
15. Qc1 Rad8 16. Nh4 Bc8 17. Bf3 Bg4 18. Bxb7 g5 19. Ng2 Rd7 20. Bf3 Bxf3 21.
exf3 Qxf3 22. Qxg5 h6 23. Qf4 Qh5 24. Qe5 Qf3 25. Nh4 Qg4 26. Nf5 Qh3 27. Rad1
Rfd8 1/2-1/2

[Event "Sparkassen-Open A"]
[Site "Heusenstamm, Martinsee"]
[Date "2019.11.21"]
[Round "1.39"]
[White "Boos, Markus"]
[Black "Schmitt, Carsten"]
[Result "1-0"]
[WhiteElo "2165"]
[BlackElo "1901"]
[PlyCount "31"]
[EventDate "2019.??.??"]
[WhiteTeam "Elberfelder SG"]
[BlackTeam "SV Bergwinkel"]

1. d4 Nf6 2. c4 e6 3. g3 Bb4+ 4. Bd2 Qe7 5. Bg2 Bxd2+ 6. Qxd2 Nc6 7. Nc3 O-O 8.
Nf3 d5 9. Ne5 Rd8 10. O-O dxc4 11. Bxc6 bxc6 12. Nxc6 Qd7 13. Nxd8 Qxd8 14. e4
Bb7 15. f3 c5 16. Rfd1 1-0

[Event "Sparkassen-Open A"]
[Site "Heusenstamm, Martinsee"]
[Date "2019.11.21"]
[Round "1.40"]
[White "Michels, Fabio"]
[Black "Rolle, Eric"]
[Result "1/2-1/2"]
[WhiteElo "1800"]
[BlackElo "2206"]
[PlyCount "119"]
[EventDate "2019.??.??"]
[WhiteTeam "SC ML Kastellaun"]
[BlackTeam "SK Marburg"]

1. c4 e5 2. g3 Nf6 3. Bg2 d5 4. cxd5 Nxd5 5. Nc3 Nb6 6. Nf3 Nc6 7. O-O Be7 8.
d3 O-O 9. Be3 f5 10. Rc1 Bf6 11. b4 Kh8 12. b5 Nd4 13. a4 a5 14. Nb1 Rf7 15.
Na3 Be6 16. Nxd4 exd4 17. Bf4 g5 18. Bd2 Bd5 19. Bxd5 Nxd5 20. Nc4 b6 21. e4
dxe3 22. Nxe3 f4 23. Nxd5 Qxd5 24. Bc3 Bxc3 25. Rxc3 Rg8 26. Qb3 Qd7 27. Qb2
Rgg7 28. Rfc1 Qd4 29. R3c2 Qxb2 30. Rxb2 f3 31. Rbc2 Rd7 32. Rc3 g4 33. h3 h5
34. hxg4 hxg4 35. Re1 Rd4 36. Re4 Rxe4 37. dxe4 Re7 38. Rc4 Kg7 39. e5 Rxe5 40.
Rxg4+ Kh6 41. Rf4 Re1+ 42. Kh2 Ra1 43. g4 Kg5 44. Kg3 Ra3 45. Rc4 Kf6 46. Kf4
Ke6 47. g5 Rb3 48. Re4+ Kf7 49. Kg4 Ra3 50. Rf4+ Kg6 51. Rc4 Ra2 52. Rc6+ Kg7
53. Rxc7+ Kf8 54. Kxf3 Rxa4 55. Rc6 Rd4 56. Rxb6 a4 57. Rb8+ Kg7 58. Ra8 Kg6
59. b6 Kxg5 60. b7 1/2-1/2

[Event "Sparkassen-Open A"]
[Site "Heusenstamm, Martinsee"]
[Date "2019.11.21"]
[Round "1.41"]
[White "Kleibel, Uwe"]
[Black "Stock, Jürgen"]
[Result "1-0"]
[WhiteElo "2193"]
[BlackElo "1895"]
[PlyCount "55"]
[EventDate "2019.??.??"]
[WhiteTeam "SF Sailauf"]
[BlackTeam "Sfr. Kelkheim"]

1. e4 e6 2. d4 d5 3. exd5 exd5 4. Nf3 Bd6 5. c4 c6 6. Nc3 Ne7 7. Bd3 Bg4 8. O-O
Nd7 9. Bg5 f6 10. Bh4 O-O 11. Re1 dxc4 12. Bxc4+ Kh8 13. Ne4 Bc7 14. h3 Bh5 15.
g4 Bg6 16. Nc5 Nxc5 17. dxc5 Re8 18. Qb3 b5 19. cxb6 axb6 20. Rad1 Qc8 21. Be6
Qb7 22. Rd7 Nd5 23. Bg3 Rac8 24. Bxd5 Rxe1+ 25. Nxe1 cxd5 26. Qc3 d4 27. Qxc7
Qxc7 28. Bxc7 1-0

[Event "Sparkassen-Open A"]
[Site "Heusenstamm, Martinsee"]
[Date "2019.11.21"]
[Round "1.42"]
[White "Cors, Heinz-Friedrich"]
[Black "Farmani Anosheh, Yasha"]
[Result "1/2-1/2"]
[WhiteElo "1893"]
[BlackElo "2182"]
[PlyCount "94"]
[EventDate "2019.??.??"]
[WhiteTeam "Schachforum Darmstadt"]
[BlackTeam "SK Ladenburg"]

1. c4 c5 2. Nc3 Nc6 3. g3 g6 4. Bg2 Bg7 5. e4 e6 6. Nge2 Nge7 7. a3 O-O 8. O-O
b6 9. Rb1 a5 10. d3 Bb7 11. b3 Nd4 12. Nxd4 cxd4 13. Ne2 d5 14. exd5 exd5 15.
Re1 Qd7 16. Nf4 Rfe8 17. Bd2 Bc6 18. cxd5 Nxd5 19. Nxd5 Bxd5 20. Bxd5 Qxd5 21.
b4 Rxe1+ 22. Qxe1 a4 23. b5 Bf8 24. Bb4 Qa2 25. Bxf8 Rxf8 26. Qb4 Qc2 27. Rb2
Qxd3 28. Rd2 Qf3 29. Rxd4 Rc8 30. Qd2 Qxa3 31. Rd8+ Rxd8 32. Qxd8+ Kg7 33. Qd4+
Kg8 34. Qd8+ Kg7 35. Qd4+ f6 36. Qxb6 Qe7 37. Qa6 a3 38. b6 Qe1+ 39. Kg2 Qe4+
40. f3 Qc2+ 41. Kh3 Qf5+ 42. Kg2 Qc2+ 43. Kh3 a2 44. Qa7+ Kh6 45. b7 Qf5+ 46.
Kg2 Qc2+ 47. Kh3 Qf5+ 1/2-1/2

[Event "Sparkassen-Open A"]
[Site "Heusenstamm, Martinsee"]
[Date "2019.11.21"]
[Round "1.43"]
[White "Asadzade, Idris"]
[Black "Bashylina, Luisa"]
[Result "1/2-1/2"]
[WhiteElo "2166"]
[BlackElo "1868"]
[PlyCount "118"]
[EventDate "2019.??.??"]
[WhiteTeam "Königsspringer Leverkusen"]
[BlackTeam "SG Solingen"]

1. d4 Nf6 2. c4 g6 3. f3 Bg7 4. e4 d6 5. Nc3 O-O 6. Be3 c5 7. dxc5 dxc5 8. Qxd8
Rxd8 9. Bxc5 Nc6 10. Nge2 Nd7 11. Be3 Nde5 12. Nf4 Nb4 13. Rd1 Nxf3+ 14. gxf3
Bxc3+ 15. bxc3 Nc2+ 16. Ke2 Rxd1 17. Kxd1 Nxe3+ 18. Kd2 Nxf1+ 19. Rxf1 b6 20.
Rb1 Ba6 21. Rb4 e6 22. Nd3 Rc8 23. Nb2 Rc7 24. Ke3 e5 25. Ra4 Bc8 26. Nd3 f6
27. f4 exf4+ 28. Nxf4 g5 29. Nd5 Rf7 30. Rb4 f5 31. c5 fxe4 32. cxb6 Bb7 33. c4
Bxd5 34. cxd5 Rf3+ 35. Kd4 axb6 36. Rxb6 e3 37. Re6 Kf7 38. Rxe3 Rf2 39. Rh3
Rxa2 40. Rxh7+ Kg6 41. Rh8 Kf6 42. Rh3 Ra4+ 43. Kc5 Ra5+ 44. Kc4 Ra4+ 45. Kb5
Rd4 46. Kc5 Rd2 47. Kd6 g4 48. Rh5 Ra2 49. Rh6+ Kf5 50. Kc7 Kg5 51. Rh8 Kf6 52.
d6 Rc2+ 53. Kd7 Rd2 54. h4 g3 55. Rg8 g2 56. Rg5 Ra2 57. Kc7 Ra7+ 58. Kb6 Rg7
59. d7 Rxd7 1/2-1/2

[Event "Sparkassen-Open A"]
[Site "Heusenstamm, Martinsee"]
[Date "2019.11.21"]
[Round "1.44"]
[White "Ohler, Julius"]
[Black "Henrich, Thomas"]
[Result "0-1"]
[WhiteElo "1884"]
[BlackElo "2163"]
[PlyCount "98"]
[EventDate "2019.??.??"]
[WhiteTeam "SG Trier"]
[BlackTeam "SK Marburg"]

1. d4 Nf6 2. c4 g6 3. Nc3 d5 4. Nf3 Bg7 5. e3 O-O 6. cxd5 Nxd5 7. Bc4 Nb6 8.
Bb3 c5 9. O-O cxd4 10. exd4 Nc6 11. Be3 Na5 12. Bc2 Nac4 13. Bc1 Bg4 14. b3
Bxf3 15. gxf3 Qxd4 16. Qxd4 Bxd4 17. bxc4 Bxc3 18. Rb1 Rac8 19. Be3 Nxc4 20.
Rxb7 Nxe3 21. fxe3 Bd2 22. Bb3 Bxe3+ 23. Kg2 e6 24. Re1 Bb6 25. Rd1 Rfd8 26.
Rdd7 Rxd7 27. Rxd7 Rc5 28. h4 Re5 29. Rd2 Kg7 30. Kg3 Kf6 31. Bc2 Re1 32. Be4
Be3 33. Rc2 Rg1+ 34. Kh2 Ra1 35. Re2 Bf4+ 36. Kg2 a5 37. Rb2 h6 38. Bb1 Be5 39.
Rb3 a4 40. Rb5 a3 41. Kh3 Bb2 42. Bd3 Rxa2 43. Bc4 Ra1 44. Ra5 Rc1 45. Bd3 Rd1
46. Be2 Rd2 47. Bc4 Be5 48. f4 Bd6 49. Kg4 Rd4 0-1

[Event "Sparkassen-Open A"]
[Site "Heusenstamm, Martinsee"]
[Date "2019.11.21"]
[Round "1.45"]
[White "Gallasch, Jonas"]
[Black "Lotz, Ralf"]
[Result "1/2-1/2"]
[WhiteElo "2160"]
[BlackElo "1882"]
[PlyCount "115"]
[EventDate "2019.??.??"]
[WhiteTeam "SG Porz"]
[BlackTeam "SC Obertshausen"]

1. d4 e6 2. c4 Nf6 3. Nf3 b6 4. g3 Ba6 5. b3 Bb4+ 6. Bd2 Bxd2+ 7. Nbxd2 d5 8.
Bg2 Nbd7 9. O-O O-O 10. Rc1 c5 11. cxd5 exd5 12. Ne5 cxd4 13. Nc6 Qe8 14. Nxd4
Nc5 15. Nb1 Rc8 16. Qd2 Qd7 17. Rfd1 Rfe8 18. Nc3 Nce4 19. Qb2 h6 20. Nxe4 dxe4
21. Nc6 Qb7 22. Nb4 Bb5 23. a4 Bd7 24. Rd2 Rxc1+ 25. Qxc1 a5 26. Na2 Be6 27.
Qb1 Qc6 28. Rd4 Qc5 29. e3 Bd5 30. Nc1 Rc8 31. Rd1 Qc2 32. Qxc2 Rxc2 33. Bf1
Be6 34. Ne2 Bg4 35. Re1 Rb2 36. Nd4 Nd7 37. h3 Bh5 38. Bc4 Ne5 39. Rc1 Nf3+ 40.
Nxf3 Bxf3 41. g4 Kf8 42. Bd5 g5 43. Bc4 Rd2 44. Kf1 Rd1+ 45. Rxd1 Bxd1 46. Ke1
Bf3 47. Bf1 Ke7 48. Kd2 Kd6 49. Kc3 Kc5 50. Bc4 f6 51. Bf1 Bh1 52. Kc2 Kb4 53.
Kb2 Bf3 54. Kc2 Ka3 55. Kc3 Bd1 56. Bc4 Bf3 57. Bf1 Bd1 58. Bc4 1/2-1/2

[Event "Sparkassen-Open A"]
[Site "Heusenstamm, Martinsee"]
[Date "2019.11.21"]
[Round "1.46"]
[White "Riemann, Jonas"]
[Black "Wolf, Ulrich Martin"]
[Result "1/2-1/2"]
[WhiteElo "1882"]
[BlackElo "2151"]
[PlyCount "45"]
[EventDate "2019.??.??"]
[WhiteTeam "SK Bickenbach"]
[BlackTeam "SC Hansa Dortmund"]

1. e4 c5 2. Nf3 Nc6 3. d4 cxd4 4. Nxd4 e5 5. Nb5 d6 6. N1c3 a6 7. Na3 b5 8. Nd5
Be7 9. Be3 Rb8 10. g3 Nf6 11. Bg2 O-O 12. O-O a5 13. c4 bxc4 14. Nxc4 Ba6 15.
b3 Nxd5 16. Qxd5 Nb4 17. Qd2 Bxc4 18. bxc4 Qc7 19. a3 Na6 20. Rab1 a4 21. Qc2
Qc6 22. Bh3 h6 23. Rfc1 1/2-1/2

[Event "Sparkassen-Open A"]
[Site "Heusenstamm, Martinsee"]
[Date "2019.11.21"]
[Round "1.47"]
[White "Jansen, Dirk Norbert"]
[Black "Knödler, Marcel"]
[Result "1/2-1/2"]
[WhiteElo "2150"]
[BlackElo "1809"]
[PlyCount "100"]
[EventDate "2019.??.??"]
[WhiteTeam "SVG Plettenberg"]
[BlackTeam "FC Bierstadt"]

1. e4 c5 2. Nf3 a6 3. c3 e6 4. d4 cxd4 5. cxd4 Bb4+ 6. Nc3 Qc7 7. Bd2 Ne7 8.
Bd3 O-O 9. e5 f5 10. exf6 Rxf6 11. Rc1 Nbc6 12. O-O d5 13. Re1 h6 14. Bb1 Bd6
15. Ne5 Nf5 16. Bxf5 Rxf5 17. f4 Qb6 18. Be3 Bxe5 19. Na4 Qd8 20. fxe5 Ne7 21.
Qb3 b5 22. Nc5 Ra7 23. a4 Bd7 24. axb5 axb5 25. Ra1 Qa8 26. Rxa7 Qxa7 27. Qa3
Qc7 28. Rc1 Nc6 29. Qa8+ Rf8 30. Nxe6 Bxe6 31. Qxc6 Qf7 32. Qxb5 Qg6 33. b4 Qe4
34. Re1 Rc8 35. Qa6 Qg6 36. Rc1 Rf8 37. b5 Qg4 38. h3 Qf5 39. Qd6 Bc8 40. Qxd5+
Be6 41. Qd6 Bc4 42. Rxc4 Qf1+ 43. Kh2 Qxc4 44. e6 Qxb5 45. e7 Re8 46. Qe6+ Kh8
47. Bf4 Qb4 48. Bd6 Qxd4 49. Be5 Qh4 50. Bd6 Qf6 1/2-1/2

[Event "Sparkassen-Open A"]
[Site "Heusenstamm, Martinsee"]
[Date "2019.11.21"]
[Round "1.48"]
[White "Tietzen, Stefan"]
[Black "Volkov, Mykyta"]
[Result "0-1"]
[WhiteElo "1875"]
[BlackElo "2142"]
[PlyCount "94"]
[EventDate "2019.??.??"]
[WhiteTeam "SK Gernsheim"]
[BlackTeam "Elberfelder SG"]

1. e4 e6 2. d4 d5 3. Nc3 Nf6 4. Bg5 Be7 5. e5 Nfd7 6. Bxe7 Qxe7 7. f4 a6 8. a3
c5 9. Nf3 Nc6 10. Qd2 f6 11. dxc5 fxe5 12. fxe5 Ndxe5 13. Nxe5 Nxe5 14. O-O-O
O-O 15. Qe3 Ng4 16. Nxd5 Qf7 17. Qf3 exd5 18. Qxf7+ Rxf7 19. Rxd5 Bd7 20. Rg5
h6 21. Rxg4 Bxg4 22. Bc4 Kf8 23. Bxf7 Kxf7 24. b4 Bd7 25. Rd1 Bc6 26. g3 Re8
27. Rd2 Re3 28. Kb2 Kf6 29. Rf2+ Ke6 30. Rd2 Kf5 31. Rf2+ Kg4 32. Rf7 g5 33. a4
Re2 34. b5 axb5 35. axb5 Be4 36. Re7 Kf3 37. Rf7+ Ke3 38. c6 bxc6 39. b6 Rxc2+
40. Kb3 Rc5 41. Rf6 h5 42. Rh6 Rb5+ 43. Kc3 Bf3 44. Rg6 g4 45. Rh6 Kf2 46. Rh7
Rxb6 47. Rxh5 Kg2 0-1

[Event "Sparkassen-Open A"]
[Site "Heusenstamm, Martinsee"]
[Date "2019.11.21"]
[Round "1.49"]
[White "Wiley, Tom E"]
[Black "Fröhlich-Dill, Astrid"]
[Result "1-0"]
[WhiteElo "2141"]
[BlackElo "1871"]
[PlyCount "71"]
[EventDate "2019.??.??"]
[WhiteTeam "Europchess"]
[BlackTeam "SV Hofheim"]

1. d4 Nf6 2. c4 e6 3. Nc3 b6 4. e4 Bb4 5. e5 Ne4 6. Qg4 Bb7 7. a3 Bxc3+ 8. bxc3
g6 9. Ne2 h5 10. Qf4 g5 11. Qe3 g4 12. h4 g3 13. Nxg3 Nxg3 14. Qxg3 Qe7 15. Bg5
Qf8 16. Be2 Be4 17. Bf3 Bxf3 18. Qxf3 Nc6 19. O-O Rb8 20. Bf6 Rh6 21. Bg5 Rh7
22. Rfb1 Ne7 23. a4 Nf5 24. a5 Ne7 25. axb6 cxb6 26. Rxa7 Nc6 27. Ra6 f5 28.
exf6 Kf7 29. Raxb6 Rxb6 30. Rxb6 Qa8 31. Qe4 Rh8 32. d5 exd5 33. cxd5 Qa1+ 34.
Rb1 Qxc3 35. dxc6 dxc6 36. Rb7+ 1-0